00296nam a2200121Ia 4500003000400000005001700004008004100021020001800062040002100080100001600101245003600117260002100153OSt20231214052538.0170524s9999 xx 000 0 und d a9788190738538 cIIMT UNIVERSITY  aDEVI- MEENA 0aRADIO AND TELEVISION JOURNALISM bNEW DELHI: ALPHA